000 00532 a2200169 4500
999 _c2770
_d2770
020 _a9789350043165
050 _aHD2746 DES 2012
100 _aDesai, Jay M.
_eauthor
245 _aMergers and acquisations /
_cJay M. Desai and Nisarg A. Joshi
264 _aNew Delhi :
_bBiztantra,
_c2012
300 _axxxvii, 554p. :
_bill.
500 _aIncludes bibliographical references and index
650 _aCorporate restructuring
650 _aTheories of mergers
700 _aJoshi, Nisarg A.
_eauthor
942 _2lcc
_cBK
_h2746
_iDES
_kHD